[Event "IRI Cities-chT"]
[Site "Esfahan"]
[Date "2016.05.12"]
[Round "3.4"]
[White "Sadeh, Shahin"]
[Black "Haghayegh, Jamshah"]
[Result "1-0"]
[WhiteElo "2298"]
[BlackElo "1946"]
[PlyCount "77"]
[EventDate "2016.05.11"]
[EventType "team-swiss"]
[EventRounds "7"]
[EventCountry "IRI"]
[SourceTitle "CBM 172 Extra"]
[Source "ChessBase"]
[SourceDate "2016.06.21"]
[SourceVersion "1"]
[SourceVersionDate "2016.06.21"]
[SourceQuality "1"]
[WhiteTeam "Rasht"]
[BlackTeam "Esfahan II"]
[WhiteTeamCountry "IRI"]
[BlackTeamCountry "IRI"]

1. c4 e6 2. g3 d5 3. Bg2 Nf6 4. Nf3 c5 5. 0-0 Nc6 6. cxd5 Nxd5 7. Nc3 Be7 8. d3 0-0 9. Bd2 Bf6 10. Rc1 b6 11. a3 Bb7 12. Qb3 Qd7 13. Rfd1 Rac8 14. e4 Nde7 15. Ne2 Rfd8 16. Be3 e5 17. Bg5 Qd6 18. Bh3 Rb8 19. Kg2 Bxg5 20. Nxg5 Rf8 21. f4 h6 22. Nf3 exf4 23. Nxf4 Rbd8 24. Qc3 Ng6 25. Nh5 Nge5 26. b4 cxb4 27. axb4 f6 28. b5 Na5 29. d4 Nxf3 30. Qxf3 g6 31. Nf4 f5 32. d5 fxe4 33. Qxe4 Rf6 34. Rc3 h5 35. Rf3 Rdf8 36. Be6+ Kg7 37. Rdf1 Qd8 38. Qd4 Kh7 39. Nxh5 1-0

[Event "Urumia op 2nd"]
[Site "Urumia"]
[Date "2008.08.31"]
[Round "10"]
[White "Noroozi, Omid"]
[Black "Haghayegh, Jamshah"]
[Result "1-0"]
[WhiteElo "2290"]
[BlackElo "2087"]
[PlyCount "59"]
[EventDate "2008.08.26"]
[EventType "swiss"]
[EventRounds "10"]
[EventCountry "IRI"]
[SourceTitle "CBM 126 Extra"]
[Source "ChessBase"]
[SourceDate "2008.11.05"]
[SourceVersion "1"]
[SourceVersionDate "2008.11.05"]
[SourceQuality "1"]

1. c4 e6 2. Nc3 d5 3. d4 Nf6 4. Nf3 Be7 5. e3 0-0 6. b3 b6 7. Bd3 Bb7 8. 0-0 Nbd7 9. Bb2 c5 10. Qe2 dxc4 11. bxc4 cxd4 12. exd4 Re8 13. Rad1 Rc8 14. Rfe1 Bd6 15. Ne5 Qe7 16. Nb5 Bb4 17. Nxa7 Bxe1 18. Nxc8 Bxf2+ 19. Qxf2 Rxc8 20. Qh4 h6 21. Nxd7 Qxd7 22. d5 Qe7 23. d6 Qd8 24. Bxf6 Qxf6 25. Qxf6 gxf6 26. Rb1 Kf8 27. Rxb6 Bc6 28. c5 Bd7 29. Rb7 Ke8 30. Ba6 1-0

[Event "Munich op 23rd"]
[Site "Munich"]
[Date "2003.09.27"]
[Round "1"]
[White "Haghayegh, Jamshah"]
[Black "Renner, Christoph"]
[Result "0-1"]
[WhiteElo "2061"]
[BlackElo "2407"]
[PlyCount "84"]
[EventDate "2003.09.27"]
[EventType "swiss"]
[EventRounds "9"]
[EventCountry "GER"]
[SourceTitle "EXT 2004"]
[Source "ChessBase"]
[SourceDate "2003.11.25"]
[SourceVersion "1"]
[SourceVersionDate "2003.11.25"]
[SourceQuality "1"]

1. e4 g6 2. d4 Bg7 3. Nc3 c6 4. Nf3 d5 5. h3 dxe4 6. Nxe4 Nd7 7. Bc4 Ngf6 8. Nxf6+ Nxf6 9. 0-0 0-0 10. Re1 Nd5 11. Qe2 Re8 12. Bb3 a5 13. a4 Bf5 14. g4 Be6 15. Ng5 Bd7 16. Qf3 Rf8 17. Bxd5 cxd5 18. Qxd5 Rc8 19. c3 e6 20. Qd6 Rc6 21. Qg3 Rb6 22. Ne4 Bc6 23. f3 f5 24. Nc5 Bd5 25. g5 f4 26. Bxf4 Rxb2 27. Rxe6 b6 28. Rd6 Qa8 29. Nd3 Rc2 30. Qe1 Bxf3 31. Qe6+ Kh8 32. d5 Rg2+ 33. Kf1 Re2 34. Qd7 Qa6 35. Qb5 Qc8 36. Rd7 Re4 37. Re1 Bxc3 38. Rxe4 Bxe4 39. d6 Bxd3+ 40. Qxd3 Rxf4+ 41. Ke2 Qxd7 42. Qxc3+ Kg8 0-1

[Event "Regionalliga SW 0203"]
[Site "Bayern"]
[Date "2003.01.26"]
[Round "5.4"]
[White "Fischer, Manfred2222"]
[Black "Haghayegh, Jamshah"]
[Result "0-1"]
[WhiteElo "2106"]
[BlackElo "2066"]
[PlyCount "150"]
[EventDate "2002.10.20"]
[EventType "team"]
[EventRounds "9"]
[EventCountry "GER"]
[SourceTitle "EXT 2004"]
[Source "ChessBase"]
[SourceDate "2003.11.25"]
[SourceVersion "1"]
[SourceVersionDate "2003.11.25"]
[SourceQuality "1"]
[WhiteTeam "Tuerkheim"]
[BlackTeam "Muenchen Tarrasch II"]
[WhiteTeamCountry "GER"]
[BlackTeamCountry "GER"]

1. e4 e5 2. Nf3 Nc6 3. Bc4 Nf6 4. d4 exd4 5. 0-0 Nxe4 6. Re1 d5 7. Bxd5 Qxd5 8. Nc3 Qa5 9. Nxe4 Be6 10. Bd2 Bb4 11. Nxd4 Nxd4 12. c3 Be7 13. cxd4 Qd5 14. Bb4 Bxb4 15. Qa4+ Qc6 16. Qxb4 0-0-0 17. Nc3 Qb6 18. Qxb6 axb6 19. Rad1 c6 20. f3 Rd7 21. Kf2 Rhd8 22. Ke3 Kc7 23. Rc1 Kb8 24. Red1 b5 25. b3 Ka7 26. b4 Kb6 27. a4 bxa4 28. Nxa4+ Kc7 29. Nc5 Re7 30. Kf2 Bd5 31. b5 Rde8 32. Rd2 b6 33. Na6+ Kd6 34. bxc6 Bxc6 35. Nb4 Bb5 36. Rcc2 Re3 37. Na2 Rd3 38. Nc3 Rxd2+ 39. Rxd2 Bc4 40. Rb2 Kc6 41. Nd1 Rd8 42. Ke3 Ra8 43. Kd2 Ra3 44. Nc3 b5 45. Kc2 Ra1 46. Nb1 Kd5 47. Kc3 Ra8 48. Rd2 Rb8 49. Kb4 f5 50. Nc3+ Kc6 51. Rd1 Re8 52. Ra1 Kb6 53. Ra5 Bf1 54. Nd5+ Kc6 55. Nc3 Bxg2 56. Rxb5 g6 57. d5+ Kd6 58. Rb6+ Ke5 59. f4+ Kxf4 60. d6 Ke5 61. Nb5 f4 62. d7 Rd8 63. Rd6 Bh3 64. Rd3 Bxd7 65. Nd6 Rb8+ 66. Kc5 Be6 67. Nb5 Rc8+ 68. Kb4 Rc4+ 69. Ka5 Bd5 70. Kb6 f3 71. Re3+ Kf4 72. Re8 Rc6+ 73. Ka5 Rf6 74. Nc3 Rf5 75. Re1 f2 0-1

[Event "Regionalliga SW 0203"]
[Site "Bayern"]
[Date "2002.10.20"]
[Round "1.5"]
[White "Lutz, Gerhard"]
[Black "Haghayegh, Jamshah"]
[Result "1/2-1/2"]
[WhiteElo "2133"]
[BlackElo "2097"]
[PlyCount "92"]
[EventDate "2002.10.20"]
[EventType "team"]
[EventRounds "9"]
[EventCountry "GER"]
[SourceTitle "EXT 2004"]
[Source "ChessBase"]
[SourceDate "2003.11.25"]
[SourceVersion "1"]
[SourceVersionDate "2003.11.25"]
[SourceQuality "1"]
[WhiteTeam "Garching"]
[BlackTeam "Muenchen Tarrasch II"]
[WhiteTeamCountry "GER"]
[BlackTeamCountry "GER"]

1. e4 e5 2. Nf3 Nc6 3. d4 exd4 4. Nxd4 Nf6 5. Nxc6 bxc6 6. e5 Qe7 7. Qe2 Nd5 8. Nd2 g6 9. c4 Ba6 10. b3 Bg7 11. Bb2 0-0 12. Qe4 Nb6 13. 0-0-0 Rfe8 14. f4 d5 15. Qc2 Rad8 16. c5 Bxf1 17. Rhxf1 Nd7 18. Nf3 Nf8 19. g4 Bh6 20. Kb1 Nd7 21. g5 Bg7 22. Rc1 Nf8 23. Nd4 Qd7 24. h4 Ne6 25. Qh2 Nxd4 26. Bxd4 Qf5+ 27. Ka1 Kf8 28. h5 Ke7 29. Rcd1 Ke6 30. Qg3 Bf8 31. Rh1 Rb8 32. Qe3 Rb4 33. hxg6 hxg6 34. Rh8 Reb8 35. Qc3 a5 36. Qd2 Bxc5 37. Bxc5 Rxh8 38. Bxb4 axb4 39. Qxb4 Kd7 40. Rc1 Rh4 41. Qa4 Qe6 42. Rc2 Rh1+ 43. Kb2 Re1 44. Rd2 Rf1 45. Rc2 Re1 46. Rd2 Rf1 1/2-1/2

[Event "Regionalliga SW 0001"]
[Site "Bayern"]
[Date "2001.01.14"]
[Round "4.8"]
[White "Haghayegh, Jamshah"]
[Black "Luebke, Eligius"]
[Result "1-0"]
[WhiteElo "2085"]
[BlackElo "2000"]
[PlyCount "83"]
[EventDate "2000.10.15"]
[EventType "team-tourn"]
[EventRounds "9"]
[EventCountry "GER"]
[SourceTitle "EXT 2020"]
[Source "ChessBase"]
[SourceDate "2019.10.17"]
[SourceVersion "1"]
[SourceVersionDate "2019.10.17"]
[SourceQuality "1"]
[WhiteTeam "Muenchen Tarrasch"]
[BlackTeam "Lauingen"]
[WhiteTeamCountry "GER"]
[BlackTeamCountry "GER"]

1. Nc3 Nf6 2. e4 d6 3. d4 Bg4 4. f3 Bh5 5. Be3 Nbd7 6. Qd2 e5 7. d5 Be7 8. 0-0-0 c5 9. h4 h6 10. g4 Bg6 11. h5 Bh7 12. Nge2 Qa5 13. Ng3 0-0-0 14. Kb1 a6 15. Nf5 Bxf5 16. exf5 Ne8 17. Ne4 Qxd2 18. Rxd2 f6 19. Be2 Nc7 20. Rhd1 b6 21. a3 Kb7 22. Ka2 Rb8 23. b4 cxb4 24. axb4 Rhc8 25. c4 Ne8 26. Kb3 Ra8 27. Ra1 Bf8 28. Rda2 Nb8 29. Nc3 Nc7 30. Bd3 Nd7 31. Be4 Ne8 32. Na4 b5 33. cxb5 axb5 34. Nc3 Rxa2 35. Rxa2 Nc7 36. Ra7+ Kb8 37. Ra5 Kb7 38. Nxb5 Na6 39. Na7 Ra8 40. Nc6 Kc7 41. Bd3 Kb7 42. Bxa6+ 1-0

[Event "Regionalliga SW 0001"]
[Site "Bayern"]
[Date "2000.12.10"]
[Round "3.8"]
[White "Kuehn, Helmut1111"]
[Black "Haghayegh, Jamshah"]
[Result "1-0"]
[WhiteElo "2050"]
[BlackElo "2085"]
[PlyCount "89"]
[EventDate "2000.10.15"]
[EventType "team-tourn"]
[EventRounds "9"]
[EventCountry "GER"]
[SourceTitle "EXT 2020"]
[Source "ChessBase"]
[SourceDate "2019.10.17"]
[SourceVersion "1"]
[SourceVersionDate "2019.10.17"]
[SourceQuality "1"]
[WhiteTeam "Burlafingen"]
[BlackTeam "Muenchen Tarrasch"]
[WhiteTeamCountry "GER"]
[BlackTeamCountry "GER"]

1. c4 Nf6 2. Nc3 e6 3. e4 d5 4. cxd5 exd5 5. e5 Ne4 6. Nxe4 dxe4 7. Qa4+ Nc6 8. Qxe4 Qd4 9. Qxd4 Nxd4 10. Bd3 g5 11. Ne2 Bc5 12. b4 Nxe2 13. bxc5 Nf4 14. Be4 Ne6 15. c6 b6 16. Ba3 Ba6 17. 0-0-0 0-0-0 18. Be7 Rd4 19. d3 Re8 20. Bf6 h6 21. h4 g4 22. f3 gxf3 23. gxf3 Kb8 24. Rhg1 Ra4 25. Rg2 Nf4 26. Rg7 Rxa2 27. Kb1 Rg2 28. Rxg2 Nxg2 29. d4 Nf4 30. Bg7 h5 31. Bf6 Ng6 32. Bxg6 fxg6 33. f4 Kc8 34. d5 Bb5 35. Kb2 a5 36. Rc1 Rf8 37. Bg5 Re8 38. d6 cxd6 39. exd6 Re2+ 40. Ka1 Rd2 41. d7+ Kc7 42. f5 Rd4 43. d8Q+ Rxd8 44. Bxd8+ Kxd8 45. fxg6 1-0